000 00304nam a2200121Ia 4500
008 220204s9999 xx 000 0 und d
082 _a065
_bNOR
100 _aNorthcote, Parkinson C
245 0 _aExcellence in management
260 _aBombay
_bIndia Book
_c1978
700 _aRustomji, M K
942 _cBK
999 _c31085
_d31085